Em dic Arnau, tinc quinze anys : aproximació al món del dret / Jaume Cantó Oliva ...[et al.] aproximació al món del dret / Jaume Cantó Oliva ...[et al.]
ISBN:
84-9779-206-8
Descripción Física:
147 p. : il. ; 27 cm
Otros Autores:
Cantó Oliva, Jaume
Materias:
Dret
MARC
| LEADER | 00000nam a2200000Ia 4500 | ||
|---|---|---|---|
| 001 | 17193 | ||
| 008 | 160829s2004 xx 000 0 cat d | ||
| 020 | |a 84-9779-206-8 | ||
| 080 | |a D-3-57 | ||
| 245 | |a Em dic Arnau, tinc quinze anys : |b aproximació al món del dret / Jaume Cantó Oliva ...[et al.] | ||
| 260 | |a Lleida : |b Pagès, |c 2004 | ||
| 300 | |a 147 p. : |b il. ; |c 27 cm | ||
| 650 | 0 | |a Dret |9 19950 | |
| 700 | |a Cantó Oliva, Jaume |9 21823 | ||
| 901 | |a Arxiu | ||
| 942 | |n 1 | ||
| 952 | |0 0 |1 0 |4 0 |6 D357 |7 1 |9 41854 |a Arxiu |b Arxiu |d 2016-12-01 |l 0 |o D-3-57 |p 17193 |r 2016-12-01 00:00:00 |w 2016-12-01 |y ARXIU | ||
| 999 | |c 44301 |d 44301 | ||